Machinery : the magazine for production engineers.

Uložené v:
Podrobná bibliografia
Predchádzajúci názov:Machinery and production engineering
Médium: Časopis
Jazyk:English
Vydané: Dartford : Findlay Media Ltd., 2002-9999.
Témy:
On-line prístup:https://www.machinery.co.uk/
Fyzický popis: zv. ; 30 cm.
Má online vydanie: Machinery (Online), ISSN 2049-3312
Tagy: Pridať tag
Žiadne tagy, Buďte prvý kto otaguje tento záznam!

MARC

LEADER 00000nas a22000001a 4500
001 000300021
003 SVKK
005 20200511104353.0
008 960805c20029999xxkmr|p||| |0 b0eng c
022 |a 1753-0482 
040 |a BAA001  |b slo  |e AACR2 
041 0 |a eng 
044 |a xxk  |c GB 
080 |a 621  |2 2006 
210 1 |a Mach. 
222 0 |a Machinery  |b (Dartford) 
245 0 0 |a Machinery :  |b the magazine for production engineers. 
246 3 3 |a Machinery (Horton Kirby) 
260 |a Dartford :  |b Findlay Media Ltd.,  |c 2002-9999. 
300 |a zv. ;  |c 30 cm. 
310 |a 1x mesačne,  |b 2006- 
321 |a 24x ročne,  |b 2002-2005 
362 0 |a Vol. 160, no. 4064 (6/20 Dec. 2002)-v. 162, no. 4107 (10 Dec. 2004) ; Jan. 2005-  |z ISSN/2011 
500 |a Má priebežné číslovanie čísel 
525 |a Prílohy: Product Launch Review, Five - Axis, Aerospace production 
500 |a V r. 2007 chyba v číslovaní, boli vynechané č. 4132-4135. 
500 |a Podnázov: the magazine for production engineers od č. 4169 (october 2009) 
500 |a Predošlý podnázov: a journal of metal-working practice and machine tools 
500 |a V báze ISSN nie je skratka kľ. názvu. Kľúčový názov je zapísaný bez podpoľa b. 
530 |a Má online vydanie: Machinery (Online), ISSN 2049-3312 
550 |a Predošlý vydavateľ: Findlay Publ. (Horton Kirby) 
650 8 |a 621  |2 MDT 
650 9 |a všeobecné strojárstvo  |2 SKP 
780 0 0 |t Machinery and production engineering  |x 0024-919X 
856 4 1 |u https://www.machinery.co.uk/  |4 n 
910 |a KE001  |r 160.2002-171.2013  |p R.2002-2005 neúplný  |b B.799 
998 |a SE 
090 |g CASOS  |k Sklad  |a B.799  |j 201201  |i 300021-330  |s Zviazaný časopis 
090 |g CASOS  |k Sklad  |a B.799  |j 201202  |i 300021-340  |s Zviazaný časopis 
090 |g CASOS  |k Sklad  |a B.799  |j 201203  |i 300021-350  |s Zviazaný časopis 
090 |g CASOS  |k Sklad  |a B.799  |j 203757  |i 300021-580  |s Zviazaný časopis 
090 |g CASOS  |k Sklad  |a B.799  |j 203758  |i 300021-590  |s Zviazaný časopis 
090 |g CASOS  |k Sklad  |a B.799  |j 211698  |i 300021-1230  |s Zviazaný časopis 
090 |g CASOS  |k Sklad  |a B.799  |j 211699  |i 300021-1240  |s Zviazaný časopis 
090 |g CASOS  |k Sklad  |a B.799  |j 211697  |i 300021-1220  |s Zviazaný časopis 
090 |g CASOS  |k Sklad Hlavná 10 suterén  |a B.799  |j 215172  |i 300021-1400  |s Zviazaný časopis 
090 |g CASOS  |k Sklad Hlavná 10 suterén  |a B.799  |j 215222  |i 300021-1420  |s Zviazaný časopis 
090 |g CASOS  |k Sklad Hlavná 10 suterén  |a B.799  |j 218167  |i 2720129430  |s Zviazaný časopis 
090 |g CASOS  |k Sklad Hlavná 10 suterén  |a B.799  |j 218168  |i 2720129433  |s Zviazaný časopis 
090 |g CASOS  |k Sklad Hlavná 10 suterén  |a B.799  |j 221166  |i B126010  |s Zviazaný časopis 
090 |g CASOS  |k Sklad Hlavná 10 suterén  |a B.799  |j 221167  |i B126011  |7 príl. : k č.4146 EMO Product Launch Review  |s Zviazaný časopis 
090 |g CASOS  |k Sklad Hlavná 10 suterén  |a B.799  |j 224190  |i B149836  |7 Príl.: k č.4148 Product Launch Review, k č.4151 The Mach pack  |s Zviazaný časopis 
090 |g CASOS  |k Sklad Hlavná 10 suterén  |a B.799  |j 224191  |i B149838  |7 Príl.: k č.4157 Five-Axis suppl.  |s Zviazaný časopis 
090 |g CASOS  |k Sklad Hlavná 10 suterén  |a B.799  |j 228047  |i 2720473759  |7 Príl.: Product Launch Review, Aerospace production, Tooling & Workholding  |s Zviazaný časopis 
090 |g CASOS  |k Sklad Hlavná 10 suterén  |a B.799  |j 228048  |i 2720473758  |7 Príl.: Five - Axis suppl., Aerospace suppl., Product Launch Review  |s Zviazaný časopis 
090 |g CASOS  |k Sklad Hlavná 10 suterén  |a B.799  |j 231731  |i 2720467393  |7 Príl.: Product launch review 2009, Aerospace supplement  |s Zviazaný časopis 
090 |g CASOS  |k Sklad Hlavná 10 suterén  |a B.799  |j 231732  |i 2720473773  |7 Príl.: Mach 2010, Aeorospace supplement,Tooling & workholding, Five-axis supplement  |s Zviazaný časopis 
090 |g CASOS  |k Sklad Hlavná 10 suterén  |a B.799  |j 234748  |i 2720473775  |7 Suppl.: Aerospace, Five-Axis, príl.: Product launch Review 2010  |s Zviazaný časopis 
090 |g CASOS  |k Sklad Hlavná 10 suterén  |a B.799  |j 234749  |i 2720473770  |s Zviazaný časopis 
090 |g CASOS  |k Sklad Hlavná 10 suterén  |a B.799  |j 238019  |i 2720473774  |s Zviazaný časopis 
090 |g CASOS  |k Sklad Hlavná 10 suterén  |a B.799  |j 238020  |i 2720473856  |s Zviazaný časopis 
090 |g CASOS  |k Sklad Hlavná 10 suterén  |a B.799  |j 240755  |i 2720473757  |7 Aerospace Supplement, Emo product launch review  |s Zviazaný časopis 
090 |g CASOS  |k Sklad  |a B.799  |i 300021-1310  |s Prezenčne 
090 |g CASOS  |k Sklad  |a B.799  |i 300021-230  |s Prezenčne 
090 |g CASOS  |k Sklad  |a B.799  |i 300021-240  |s Prezenčne 
090 |g CASOS  |k Sklad  |a B.799  |i 300021-280  |s Prezenčne 
090 |g CASOS  |k Sklad  |a B.799  |i 300021-290  |s Prezenčne 
090 |g CASOS  |k Sklad  |a B.799  |i 300021-320  |s Prezenčne 
090 |g CASOS  |k Sklad  |a B.799  |i 300021-400  |s Prezenčne 
090 |g CASOS  |k Sklad  |a B.799  |i 300021-180  |s Prezenčne 
090 |g CASOS  |k Sklad  |a B.799  |i 300021-210  |s Prezenčne 
090 |g CASOS  |k Študovňa časopisov  |a B.799  |i 300021-2780  |s Príručka / Študovňa 
090 |g CASOS  |k Študovňa časopisov  |a B.799  |i 300021-2790  |s Príručka / Študovňa 
090 |g CASOS  |k Študovňa časopisov  |a B.799  |i 300021-2800  |s Príručka / Študovňa 
090 |g CASOS  |k Študovňa časopisov  |a B.799  |i 300021-2810  |s Príručka / Študovňa 
090 |g CASOS  |k Študovňa časopisov  |a B.799  |i 300021-2820  |s Príručka / Študovňa 
090 |g CASOS  |k Študovňa časopisov  |a B.799  |i 300021-2830  |s Príručka / Študovňa 
090 |g CASOS  |k Študovňa časopisov  |a B.799  |i 300021-2840  |s Príručka / Študovňa 
090 |g CASOS  |k Študovňa časopisov  |a B.799  |i 300021-2850  |s Príručka / Študovňa 
090 |g CASOS  |k Študovňa časopisov  |a B.799  |i 300021-2860  |s Príručka / Študovňa 
090 |g CASOS  |k Študovňa časopisov  |a B.799  |i 300021-2870  |s Príručka / Študovňa 
090 |g CASOS  |k Študovňa časopisov  |a B.799  |i 300021-2880  |s Príručka / Študovňa 
090 |g CASOS  |k Študovňa časopisov  |a B.799  |i 300021-2890  |s Príručka / Študovňa 
090 |g CASOS  |k Študovňa časopisov  |a B.799  |i 300021-720  |s Príručka / Študovňa